Antropické vplyvy na bryoflóru modelového územia Tatranská Lomnica

Bibliographic Details
Main Authors: Šoltés, Rudolf, 1945- (Author), Šomšák, Ladislav, 1932-2005 (Author)
Format: Article
Language:Slovak
PhysicalDescription:Tb. 2. Res. slov., rus., angl., lit. 20 zázn. v slov., češ., nem., maď., poľ.
Subjects:

MARC

LEADER 00000nab a2200000 a 4500
001 vtls000217881
003 SK-MaSNL
005 20260304060414.0
008 250422c1984 xo 0 slo
015 |a SNBRA19rr/mm-uuuuu 
035 |a CL0227995 
035 |a urn:nbn:sk:snk-ab9yrv 
035 |a (urnnbn)urn:nbn:sk:snk:ar-a094zh 
035 |a (uuid)3ce7b43a-c627-4a14-884b-d59d6c852e67 
040 |a SNKBUCL  |b slo  |c SNKBUCL  |e AACR2 
041 0 |a slo 
044 |a xo  |c SK 
080 |a 582.32:504.05  |2 1981 
080 |a 504.05  |2 1981 
100 1 |a Šoltés, Rudolf,  |d 1945-  |4 aut 
245 1 0 |a Antropické vplyvy na bryoflóru modelového územia Tatranská Lomnica  |c R. Šoltés, L. Šomšák 
300 |b Tb. 2. Res. slov., rus., angl., lit. 20 zázn. v slov., češ., nem., maď., poľ. 
650 0 7 |a bryoflóra  |2 snkbucl  |9 834735 
651 7 |a Tatranská Lomnica (Vysoké Tatry, Slovensko)  |2 snkbucl  |9 160914 
655 7 |a články zo zborníkov  |2 snkbucl  |9 166140 
700 1 |a Šomšák, Ladislav,  |d 1932-2005  |4 aut  |9 125323 
773 0 |t Acta Facultatis rerum naturalium Universitatis Comenianae. Formatio et protectio naturae 9  |d Bratislava : SPN, 1984  |g S. 103-114 
850 |a Slovenská národná knižnica 
852 |a Slovenská národná knižnica 
954 |a odborná, vedecká literatúra pôvodná (slovenská)  |2 lita 
958 |a article13 
958 |a RK 
958 |a NB 
958 |a OND 
958 |a EUIPO 
992 |a RZB 
999 |c 2728458  |d 2730388